000 00206nam a2200085Ia 4500
008 180219s9999 xx 000 0 und d
100 _aGoyal Hemant Kumar
245 0 _aComputer Vegian Shikshan
260 _aR Lall Meerut
260 _c2013
999 _c42250
_d42250